|
|
|
|
| LEADER |
01021nam a2200325 a 4500 |
| 001 |
000642048 |
| 003 |
CZ BrMZK |
| 005 |
20211130110949.0 |
| 007 |
ta |
| 008 |
021212s2002 xr f cze d |
| 015 |
|
|
|a cnb001194348
|
| 020 |
|
|
|a 80-7267-097-2
|q (váz.) :
|c Kč 179.00
|
| 040 |
|
|
|a LIA001
|b cze
|c BOA001
|
| 041 |
1 |
|
|a cze
|h fre
|
| 080 |
|
|
|a 82-34
|2 MRF
|
| 080 |
|
|
|a 82-93
|2 MRF
|
| 100 |
1 |
|
|a Špačková, Alena
|7 jn20001103512
|4 aut
|
| 245 |
1 |
0 |
|a Myška Miška učí předškoláky /
|c [text Alena Špačková]
|
| 250 |
|
|
|a České vyd.
|
| 260 |
|
|
|a [Říčany] :
|b Junior,
|c [2002?]
|
| 300 |
|
|
|a 64 s. :
|b barev. il. ;
|c 27 cm
|
| 490 |
1 |
|
|a Knihovna předškoláka
|
| 655 |
|
7 |
|a publikace pro děti
|7 fd133156
|2 czenas
|
| 655 |
|
7 |
|a pohádky
|7 fd133054
|2 czenas
|
| 765 |
0 |
|
|t Sourimousse
|9 Česky
|
| 830 |
|
0 |
|a Knihovna předškoláka
|
| 910 |
|
|
|a BOA001
|b 3-1109.745
|
| 967 |
|
|
|a 1
|b 1
|
| 990 |
|
|
|a BK
|
| 996 |
6 |
|
|b 2610177391
|c 3-1109.745
|l MZK
|r Sklad / do 1 hodiny
|n 2
|p p.v.
|w 000642048
|u 000010
|a 1
|e BOA001
|j MZK50
|s P
|